[Event "Championnat de France - Accession"]
[Site "BESANCON"]
[Date "2006.08.16"]
[Round "2.33"]
[White "Tournier, Mathieu"]
[Black "Lagunes, Jean-Renaud"]
[Result "1-0"]
[WhiteElo "2246"]
[BlackElo "2151"]
[PlyCount "49"]
[EventDate "2006.??.??"]

1. e4 d5 2. exd5 Qxd5 3. Nc3 Qa5 4. d4 Nf6 5. Nf3 c6 6. Bc4 Bf5 7. Bd2 e6 8.
Nd5 Qd8 9. Nxf6+ Qxf6 10. Qe2 Bg4 11. d5 Bxf3 12. gxf3 cxd5 13. Bxd5 Nd7 14.
O-O-O O-O-O 15. Be4 Qe5 16. Bc3 Qc7 17. Rhg1 Qxh2 18. Ba5 Nb6 19. Rxd8+ Kxd8
20. Rd1+ Kc8 21. Bxb6 axb6 22. Qb5 Bd6 23. Qxb6 f5 24. Qxb7+ Kd8 25. Bc6 1-0

[Event "Championnat de France - Accession"]
[Site "BESANCON"]
[Date "2006.08.16"]
[Round "2.40"]
[White "Delabaca, Romuald"]
[Black "Suez-Panama, Gilles"]
[Result "0-1"]
[WhiteElo "2195"]
[BlackElo "2086"]
[PlyCount "48"]
[EventDate "2006.??.??"]

1. e4 e6 2. d4 d5 3. Nc3 Nf6 4. Bg5 Be7 5. e5 Nfd7 6. Bxe7 Qxe7 7. f4 O-O 8.
Nf3 c5 9. Qd2 Nc6 10. dxc5 Nxc5 11. O-O-O a6 12. h4 b5 13. Bd3 b4 14. Ne2 a5
15. Kb1 Ba6 16. Ned4 Nxd4 17. Nxd4 Rfc8 18. h5 Na4 19. Rde1 Bc4 20. Qe3 Rab8
21. f5 Nc3+ 22. bxc3 bxc3+ 23. Kc1 Rb1+ 24. Kxb1 Qa3 0-1

[Event "Championnat de France - Open A"]
[Site "BESANCON"]
[Date "2006.08.17"]
[Round "2.1"]
[White "Prouteau, Thomas"]
[Black "Colliou, Yannick"]
[Result "1-0"]
[WhiteElo "2080"]
[BlackElo "2197"]
[PlyCount "60"]
[EventDate "2006.??.??"]

1. d4 d5 2. Nf3 c6 3. c4 Nf6 4. Nc3 e6 5. Bg5 dxc4 6. e4 b5 7. e5 h6 8. Bh4 g5
9. Nxg5 hxg5 10. Bxg5 Nbd7 11. exf6 Qa5 12. g3 b4 13. Ne4 c3 14. bxc3 bxc3 15.
Qd3 Bb7 16. Be2 c5 17. O-O c4 18. Qe3 Nb6 19. Nc5 Bd5 20. Rfc1 Bxc5 21. dxc5
Na4 22. Bf3 O-O-O 23. Rab1 Kc7 24. Bf4+ Kc6 25. h4 Qxc5 26. Bd1 Qa5 27. Qe5 Nc5
28. Rxc3 Rd7 29. a4 Nd3 30. Rxc4+ Nc5 1-0

[Event "Championnat de France - Open A"]
[Site "BESANCON"]
[Date "2006.08.16"]
[Round "2.2"]
[White "Bodenez, Vincent"]
[Black "Blanche, Paul"]
[Result "1-0"]
[WhiteElo "2194"]
[BlackElo "2075"]
[PlyCount "75"]
[EventDate "2006.??.??"]

1. d4 d5 2. Nc3 Nf6 3. Bg5 Nbd7 4. f3 c5 5. e4 cxd4 6. Bxf6 dxc3 7. Bxc3 dxe4
8. fxe4 e5 9. Nf3 Bc5 10. Qd5 Be3 11. Bc4 O-O 12. Nxe5 Nxe5 13. Qxe5 Qh4+ 14.
Qg3 Qxg3+ 15. hxg3 Be6 16. Bxe6 fxe6 17. Ke2 Bc5 18. Rhf1 h5 19. Be5 Rad8 20.
c3 Bd6 21. Rxf8+ Bxf8 22. Rd1 Rxd1 23. Kxd1 Kf7 24. Ke2 g6 25. Kd3 Bh6 26. a4
Ke7 27. b4 Kd7 28. Kc4 Be3 29. Bd4 Bxd4 30. Kxd4 Kd6 31. e5+ Kc6 32. c4 g5 33.
c5 Kc7 34. Kc4 Kc6 35. b5+ Kd7 36. a5 a6 37. c6+ Kc7 38. cxb7 1-0

[Event "Championnat de France - Open A"]
[Site "BESANCON"]
[Date "2006.08.16"]
[Round "2.3"]
[White "Lacroix, Romain"]
[Black "Montabord, Manuel"]
[Result "1-0"]
[WhiteElo "2075"]
[BlackElo "2192"]
[PlyCount "61"]
[EventDate "2006.??.??"]

1. e4 c5 2. Nc3 a6 3. g3 b5 4. Bg2 Bb7 5. d3 e6 6. f4 Nf6 7. Nf3 b4 8. Ne2 d5
9. e5 Nfd7 10. d4 Nc6 11. c3 a5 12. O-O g6 13. g4 bxc3 14. bxc3 cxd4 15. cxd4
h5 16. f5 Qb6 17. fxe6 fxe6 18. gxh5 gxh5 19. Bg5 Be7 20. Rb1 Qa6 21. Qc2 Nf8
22. Bxe7 Nxe7 23. Ng5 Rc8 24. Qb2 Rg8 25. Nf7 Nf5 26. Rxf5 exf5 27. Nd6+ Kd7
28. Qxb7+ Qxb7 29. Rxb7+ Rc7 30. Rxc7+ Kxc7 31. Nf4 1-0

[Event "Championnat de France - Open A"]
[Site "BESANCON"]
[Date "2006.08.16"]
[Round "2.4"]
[White "Vilaisarn, Akkhavanh"]
[Black "Marie, Adrien"]
[Result "1/2-1/2"]
[WhiteElo "2190"]
[BlackElo "2074"]
[PlyCount "58"]
[EventDate "2006.??.??"]

1. Nf3 Nf6 2. d4 g6 3. c4 Bg7 4. Nc3 d6 5. e4 O-O 6. Be2 e5 7. O-O Nc6 8. d5
Ne7 9. Bg5 h6 10. Bxf6 Bxf6 11. b4 Bg7 12. c5 f5 13. Nd2 g5 14. Rc1 a6 15. a4
Ng6 16. g3 f4 17. Bg4 fxg3 18. fxg3 Rxf1+ 19. Nxf1 a5 20. Nb5 axb4 21. cxd6
cxd6 22. Rc7 Ne7 23. Ne3 Ra5 24. Rxe7 Bxg4 25. Rxg7+ Kxg7 26. Qxg4 Rxa4 27.
Nf5+ Kh7 28. Nfxd6 Qb6+ 29. Kg2 Ra2+ 1/2-1/2

[Event "Championnat de France - Open A"]
[Site "BESANCON"]
[Date "2006.08.??"]
[Round "2.5"]
[White "Delorme, Laurie"]
[Black "Oliveira, Sancho"]
[Result "1/2-1/2"]
[WhiteElo "2068"]
[BlackElo "2172"]
[PlyCount "115"]
[EventDate "2006.??.??"]

1. e4 c5 2. Ne2 Nc6 3. d4 cxd4 4. Nxd4 Nf6 5. Nc3 e5 6. Ndb5 d6 7. Bg5 a6 8.
Na3 Be6 9. Be2 Be7 10. Bxf6 Bxf6 11. O-O b5 12. Nd5 O-O 13. c4 b4 14. Nc2 Rb8
15. b3 Bg5 16. Qd3 f5 17. Bf3 g6 18. Rad1 Qd7 19. Nde3 Bxe3 20. Qxe3 f4 21. Qd2
Rfd8 22. Qe2 Qc7 23. Bg4 Bf7 24. Rd3 Rb6 25. Rfd1 a5 26. Qd2 Nb8 27. a3 Na6 28.
axb4 axb4 29. g3 Nc5 30. gxf4 Nxd3 31. Qxd3 exf4 32. Qd2 Qc5 33. Qxf4 Rf8 34.
Qg3 Ra6 35. Ne3 Rfa8 36. Nd5 Ra1 37. Rxa1 Rxa1+ 38. Kg2 Bxd5 39. exd5 Ra7 40.
Be6+ Kg7 41. h4 Ra8 42. Qg5 Qc7 43. h5 Rf8 44. h6+ Kh8 45. Qd2 Qe7 46. Qxb4
Qg5+ 47. Kf1 Qe3 48. Qe1 Qxh6 49. Qc3+ Qg7 50. Qg3 Qf6 51. b4 Qa1+ 52. Kg2 Qd4
53. c5 Qc4 54. f3 Qxb4 55. c6 Qd2+ 56. Qf2 Qg5+ 57. Qg3 Qd2+ 58. Qf2 1/2-1/2

[Event "Championnat de France - Open A"]
[Site "BESANCON"]
[Date "2006.08.16"]
[Round "2.6"]
[White "Lamberthod, Gael"]
[Black "Marie, Maxime"]
[Result "0-1"]
[WhiteElo "2063"]
[BlackElo "2165"]
[PlyCount "68"]
[EventDate "2006.??.??"]

1. c4 g6 2. Nf3 Bg7 3. Nc3 e5 4. g3 Nc6 5. Bg2 f5 6. d3 Nf6 7. O-O O-O 8. Rb1
d6 9. Bd2 h6 10. b4 g5 11. Ne1 Qe8 12. Nd5 Qf7 13. b5 Nd8 14. f4 gxf4 15. gxf4
e4 16. Ne3 Qh5 17. h3 Ne6 18. N3c2 Qh4 19. e3 Nh5 20. dxe4 Ng3 21. Nf3 Qe7 22.
Re1 Nxe4 23. Nb4 N6c5 24. Nd5 Qf7 25. Nd4 Re8 26. Bb4 Kh7 27. Bxc5 dxc5 28. Ne2
c6 29. bxc6 bxc6 30. Bxe4 fxe4 31. Ndc3 Bxc3 32. Nxc3 Qg7+ 33. Kf2 Qxc3 34. Rg1
Qf6 0-1

[Event "Championnat de France - Open A"]
[Site "BESANCON"]
[Date "2006.08.16"]
[Round "2.7"]
[White "Nguyen-Huu, Hoang"]
[Black "Martinez, Vincent"]
[Result "1-0"]
[WhiteElo "2063"]
[BlackElo "2158"]
[PlyCount "121"]
[EventDate "2006.??.??"]

1. c3 d5 2. Qc2 Nf6 3. d3 Bf5 4. Nf3 e6 5. Nbd2 h6 6. e4 Bh7 7. Be2 Be7 8. O-O
O-O 9. Re1 c5 10. b3 Nc6 11. a3 b5 12. Bf1 Rc8 13. exd5 exd5 14. c4 b4 15. Bb2
d4 16. g3 Bd6 17. Bg2 Qd7 18. h3 Rfe8 19. Rad1 Qf5 20. Bf1 g5 21. Qb1 g4 22.
Nh4 Qh5 23. Rxe8+ Rxe8 24. hxg4 Qxg4 25. Ndf3 a5 26. Qc1 Ne5 27. Nxe5 Rxe5 28.
Re1 Rg5 29. Ng2 Qh5 30. Be2 Qh3 31. Qd2 Bxg3 32. fxg3 Rxg3 33. Bd1 Bxd3 34. Bc1
Be4 35. Rxe4 Nxe4 36. Qe2 Nf6 37. Bf4 Rg6 38. axb4 axb4 39. Bc2 Qg4 40. Qf2 d3
41. Bxd3 Qd1+ 42. Qf1 Rxg2+ 43. Kxg2 Qg4+ 44. Kh1 Qh4+ 45. Bh2 Ng4 46. Qg2 Kf8
47. Qa8+ Kg7 48. Qg2 Kf8 49. Bf1 Ne3 50. Qf3 Ng4 51. Qg3 Qh5 52. Be2 Qxh2+ 53.
Qxh2 Nxh2 54. Kxh2 Ke7 55. Kg3 Kf6 56. Kf4 Ke6 57. Bg4+ Kf6 58. Bf5 h5 59. Bh3
h4 60. Bf5 Ke7 61. Ke5 1-0

[Event "Championnat de France - Open A"]
[Site "BESANCON"]
[Date "2006.08.16"]
[Round "2.8"]
[White "Hoffer, Tristan"]
[Black "Rigolot, Matthieu"]
[Result "1/2-1/2"]
[WhiteElo "2059"]
[BlackElo "2153"]
[PlyCount "80"]
[EventDate "2006.??.??"]

1. d4 Nf6 2. Nf3 e6 3. Nbd2 c5 4. e3 d5 5. c3 Nbd7 6. Bd3 b6 7. O-O Bb7 8. Qe2
Ne4 9. Ne5 Nxd2 10. Bxd2 Nxe5 11. dxe5 Qc7 12. f4 O-O-O 13. Rad1 f6 14. e4 c4
15. Bc2 Bc5+ 16. Kh1 b5 17. Be3 Bxe3 18. Qxe3 fxe5 19. exd5 Bxd5 20. Qxe5 Qxe5
21. fxe5 Rd7 22. Rd4 Kc7 23. Kg1 h6 24. b3 a5 25. Rfd1 Rhd8 26. R1d2 Bc6 27.
Rxd7+ Rxd7 28. Rxd7+ Bxd7 29. bxc4 bxc4 30. Kf2 Kb6 31. Ke3 Kc5 32. h4 g5 33.
hxg5 hxg5 34. Kf3 Kd5 35. Kg4 Kxe5 36. Kxg5 Kd5 37. Kf4 e5+ 38. Ke3 Kc5 39. Ke4
Bc6+ 40. Kxe5 Bxg2 1/2-1/2

[Event "Championnat de France - Open A"]
[Site "BESANCON"]
[Date "2006.08.16"]
[Round "2.9"]
[White "Debeaune, Robin"]
[Black "Bonn, Thomas"]
[Result "1-0"]
[WhiteElo "2150"]
[BlackElo "2057"]
[PlyCount "129"]
[EventDate "2006.??.??"]

1. f4 d5 2. Nf3 c6 3. b3 Qc7 4. e3 Nd7 5. Bb2 Ngf6 6. Be2 e6 7. O-O Bd6 8. d4
Ne4 9. Nbd2 Nxd2 10. Nxd2 O-O 11. Bd3 c5 12. c3 b6 13. g4 f6 14. Qf3 Bb7 15.
Qh3 g6 16. Nf3 Rae8 17. Qh6 Nb8 18. g5 cxd4 19. Nxd4 Ba6 20. Bxa6 Nxa6 21. Nb5
Qc5 22. Nxd6 Qxd6 23. c4 dxc4 24. gxf6 Rf7 25. bxc4 Qd3 26. Bd4 Qxc4 27. h4 Qe2
28. Rf2 Qh5 29. Qxh5 gxh5 30. Rg2+ Kh8 31. Rc1 Nc5 32. Rg7 Rg8 33. Rxg8+ Kxg8
34. Bxc5 bxc5 35. Rxc5 Rxf6 36. Rxh5 e5 37. Rxe5 Ra6 38. Kg2 Rxa2+ 39. Kf3 Kf7
40. Kg4 Kf6 41. Rf5+ Kg6 42. Rg5+ Kf6 43. Kh5 Re2 44. Re5 a5 45. Kg4 a4 46. Kf3
Rh2 47. Ra5 Ra2 48. Ra6+ Kf7 49. Ke4 a3 50. Kf5 Rh2 51. Ra7+ Kg8 52. Kf6 h5 53.
Rxa3 Rxh4 54. Ra8+ Kh7 55. Kg5 Rh1 56. Ra7+ Kg8 57. Ra8+ Kf7 58. f5 h4 59. Ra7+
Ke8 60. Rh7 h3 61. Kf6 h2 62. e4 Re1 63. Rxh2 Rxe4 64. Ra2 Rf4 65. Re2+ 1-0

[Event "Championnat de France - Open A"]
[Site "BESANCON"]
[Date "2006.08.16"]
[Round "2.10"]
[White "Przymusinski, Nicolas"]
[Black "Fischer, Marc"]
[Result "0-1"]
[WhiteElo "2057"]
[BlackElo "2146"]
[PlyCount "60"]
[EventDate "2006.??.??"]

1. c4 e5 2. g3 Nf6 3. Bg2 d5 4. cxd5 Nxd5 5. Nf3 Nc6 6. O-O Be7 7. d4 exd4 8.
Nxd4 Nxd4 9. Qxd4 Nf6 10. Qa4+ c6 11. Nc3 O-O 12. Rd1 Qb6 13. h3 Be6 14. Qc2 a5
15. e4 Rfd8 16. Be3 Qa6 17. f4 Bc4 18. Qf2 b5 19. b3 b4 20. bxc4 bxc3 21. e5
Nd7 22. c5 Rab8 23. Rab1 Rxb1 24. Rxb1 Qd3 25. Rc1 Qc4 26. Rd1 Nxc5 27. Rxd8+
Bxd8 28. Bxc5 c2 29. Ba3 Be7 30. Qd2 Bxa3 0-1

[Event "Championnat de France - Open B"]
[Site "BESANCON"]
[Date "2006.08.16"]
[Round "2.1"]
[White "Geronimi, Pierre-Francois"]
[Black "Pillot, Antoine"]
[Result "1-0"]
[WhiteElo "1870"]
[BlackElo "2000"]
[PlyCount "35"]
[EventDate "2006.??.??"]

1. e4 e5 2. Nf3 Nc6 3. d4 exd4 4. Bc4 Nf6 5. O-O d6 6. c3 dxc3 7. Nxc3 Bg4 8.
Qb3 Qd7 9. Ng5 Ne5 10. Qxb7 Rc8 11. Ba6 Rd8 12. f4 Nc6 13. Bb5 Rb8 14. Qxc6
Rxb5 15. Qxb5 Qxb5 16. Nxb5 Be2 17. Nxc7+ Kd7 18. Rf2 1-0

[Event "Championnat de France - Open B"]
[Site "BESANCON"]
[Date "2006.08.16"]
[Round "2.2"]
[White "Schmitt, Mathieu"]
[Black "Pokee, Anne-Josephe"]
[Result "0-1"]
[WhiteElo "1870"]
[BlackElo "1998"]
[PlyCount "90"]
[EventDate "2006.??.??"]

1. b4 d5 2. Bb2 Bf5 3. d4 e6 4. a3 c6 5. e3 Nf6 6. c4 Nbd7 7. Nf3 Be7 8. Nbd2
O-O 9. Be2 Rc8 10. O-O Ne4 11. Re1 Ndf6 12. Qb3 Qc7 13. Rac1 Ng4 14. Nxe4 Bxe4
15. g3 Nf6 16. c5 Nd7 17. Ne5 Bf6 18. Nxd7 Qxd7 19. b5 Rfe8 20. a4 e5 21. Bd3
Bf3 22. Bf1 Qg4 23. h3 Qg6 24. Bc3 h5 25. Bg2 Bxg2 26. Kxg2 h4 27. Qb1 e4 28.
Qc2 Re6 29. Kh2 Bd8 30. Rg1 Bc7 31. Qe2 Rf6 32. Rcf1 Rf3 33. Be1 Qg5 34. bxc6
hxg3+ 35. fxg3 Rxe3 36. Qf2 Rf3 37. Qb2 bxc6 38. Qb7 Qf5 39. Rxf3 exf3 40. Bf2
Kh7 41. Qxa7 Qc2 42. Rf1 Qe2 43. Kg1 Bxg3 44. Qxf7 Bxf2+ 45. Rxf2 Qe1+ 0-1

[Event "Championnat de France - Open B"]
[Site "BESANCON"]
[Date "2006.08.16"]
[Round "2.3"]
[White "Gambini, Stephane"]
[Black "Armas, Lara-Maria"]
[Result "1-0"]
[WhiteElo "1996"]
[BlackElo "1868"]
[PlyCount "85"]
[EventDate "2006.??.??"]

1. e4 c5 2. Nc3 d6 3. g3 Nc6 4. Bg2 Nf6 5. f4 e6 6. Nf3 a6 7. d3 Be7 8. O-O O-O
9. h3 Qc7 10. g4 Rd8 11. g5 Nd7 12. f5 Nde5 13. Nxe5 Nxe5 14. f6 Bf8 15. fxg7
Bxg7 16. Ne2 b5 17. Ng3 Qe7 18. Nh5 Nd7 19. Nf6+ Kh8 20. Qh5 Bxf6 21. gxf6 Nxf6
22. Rxf6 Qxf6 23. e5 Qg7 24. Bh6 Qg3 25. Qxf7 Bd7 26. Qf6+ Kg8 27. Bf4 Qg7 28.
Qxg7+ Kxg7 29. Bxa8 Rxa8 30. exd6 Kf6 31. Re1 Bc6 32. Re5 Rg8+ 33. Kf1 Bg2+ 34.
Kf2 Bxh3 35. Rxc5 Bf5 36. Be5+ Kg6 37. Rc7 Rd8 38. Rg7+ Kh5 39. d7 Kh6 40. Re7
Bg4 41. Bc7 Rf8+ 42. Ke3 Rf3+ 43. Ke4 1-0

[Event "Championnat de France - Open B"]
[Site "BESANCON"]
[Date "2006.08.16"]
[Round "2.4"]
[White "Baudon, Sebastien"]
[Black "Chandran, Franck"]
[Result "1-0"]
[WhiteElo "1984"]
[BlackElo "1864"]
[PlyCount "85"]
[EventDate "2006.??.??"]

1. f4 Nf6 2. Nf3 d6 3. e3 Nc6 4. Bb5 Bd7 5. b3 a6 6. Bxc6 Bxc6 7. Bb2 e6 8. O-O
Be7 9. Qe1 O-O 10. d3 Re8 11. Nbd2 Bf8 12. e4 Bd7 13. Qh4 Be7 14. Qh3 e5 15. f5
Bf8 16. Kh1 h6 17. g4 Nh7 18. Qg3 Be7 19. h4 f6 20. Rf2 c6 21. Ng1 d5 22. Nh3
Bc5 23. Rg2 Be7 24. Rf1 Qa5 25. a4 b5 26. axb5 Qxb5 27. Bc1 Bb4 28. g5 hxg5 29.
hxg5 Re7 30. gxf6 Nxf6 31. Qh4 Rf8 32. Ng5 Be8 33. Rfg1 Bh5 34. Ne6 Bxd2 35.
Rxg7+ Rxg7 36. Rxg7+ Kh8 37. Bxd2 dxe4 38. Qg3 Bf3+ 39. Kg1 Nh5 40. Qg6 Qb6+
41. d4 Qxd4+ 42. Nxd4 Nxg7 43. f6 1-0

[Event "Championnat de France - Open B"]
[Site "BESANCON"]
[Date "2006.08.16"]
[Round "2.5"]
[White "Brunel, Eric"]
[Black "Chebance, Benoit"]
[Result "0-1"]
[WhiteElo "1864"]
[BlackElo "1980"]
[PlyCount "66"]
[EventDate "2006.??.??"]

1. e4 d6 2. d4 Nf6 3. Nc3 g6 4. Bc4 Bg7 5. f3 c6 6. Nge2 Nbd7 7. Be3 O-O 8. Qd2
b5 9. Bb3 Qc7 10. Bh6 a5 11. Bxg7 Kxg7 12. a3 Bb7 13. g4 b4 14. axb4 axb4 15.
Na4 c5 16. g5 Nh5 17. dxc5 dxc5 18. Bd5 Bxd5 19. Qxd5 e6 20. Qd2 Nb6 21. b3
Nxa4 22. bxa4 Qc6 23. Ng3 Rxa4 24. Rxa4 Qxa4 25. O-O Nxg3 26. hxg3 Qa2 27. Rd1
Kg8 28. Kf2 Ra8 29. Ke3 b3 30. cxb3 Qxb3+ 31. Qd3 Qb2 32. Kf4 e5+ 33. Kg4 Qh2
0-1

[Event "Championnat de France - Open C"]
[Site "BESANCON"]
[Date "2006.08.16"]
[Round "2.1"]
[White "Laporte, Martine"]
[Black "Waligova, Denis"]
[Result "0-1"]
[WhiteElo "1540"]
[BlackElo "1700"]
[PlyCount "106"]
[EventDate "2006.??.??"]

1. b3 Nf6 2. Bb2 e6 3. e3 d5 4. Nf3 Be7 5. c4 c6 6. Be2 O-O 7. O-O Nbd7 8. d3
Re8 9. Ne5 Nxe5 10. Bxe5 Bd6 11. Bxd6 Qxd6 12. Nd2 e5 13. d4 exd4 14. exd4 dxc4
15. Nxc4 Qc7 16. Bf3 Be6 17. Re1 Rad8 18. Ne3 Qb6 19. Ng4 Nxg4 20. Bxg4 Qxd4
21. Qxd4 Rxd4 22. Bxe6 Rxe6 23. Kf1 Kf8 24. Re2 Ke7 25. f3 h5 26. Rae1 Rdd6 27.
Kf2 Rxe2+ 28. Rxe2+ Re6 29. Rd2 f6 30. Rd4 c5 31. Rd5 Re5 32. Rd2 g6 33. Rc2
Rd5 34. Ke3 f5 35. f4 b6 36. a4 a5 37. h4 Rd4 38. g3 Kd6 39. Rc4 Kd5 40. Rc1 c4
41. bxc4+ Rxc4 42. Rb1 Kc5 43. Ra1 Rc3+ 44. Kf2 Kb4 45. Rb1+ Rb3 46. Ra1 b5 47.
axb5 Kxb5 48. Rd1 a4 49. Rd5+ Kc4 50. Rd6 a3 51. Rxg6 a2 52. Rc6+ Kb4 53. Rb6+
Ka3 0-1

[Event "Championnat de France - Open C"]
[Site "BESANCON"]
[Date "2006.08.16"]
[Round "2.2"]
[White "Perradin, Vincent"]
[Black "Denoyelle, Selim"]
[Result "1-0"]
[WhiteElo "1690"]
[BlackElo "1540"]
[PlyCount "49"]
[EventDate "2006.??.??"]

1. e4 Nf6 2. e5 Nd5 3. d4 d6 4. Nf3 Bf5 5. a3 Nc6 6. Bb5 a6 7. Ba4 Nb6 8. Bxc6+
bxc6 9. O-O g6 10. Nh4 Be6 11. f4 Qd7 12. Nc3 Bg7 13. Ne4 h6 14. b3 O-O 15. Ng3
Bg4 16. Qd3 Rad8 17. f5 g5 18. f6 gxh4 19. fxg7 Kxg7 20. Nf5+ Bxf5 21. Rxf5
dxe5 22. Bxh6+ Kh8 23. Bxf8 Qxd4+ 24. Qxd4 Rxd4 25. Rxf7 1-0

[Event "Championnat de France - Open C"]
[Site "BESANCON"]
[Date "2006.08.16"]
[Round "2.3"]
[White "Brunier, Jacques"]
[Black "Vernay, Gaspard"]
[Result "0-1"]
[WhiteElo "1530"]
[BlackElo "1690"]
[PlyCount "44"]
[EventDate "2006.??.??"]

1. e4 e6 2. d4 d5 3. Nd2 c5 4. Ngf3 Nc6 5. c3 Qb6 6. exd5 exd5 7. Nb3 cxd4 8.
Nbxd4 Bc5 9. Bb5 Nf6 10. Qe2+ Ne4 11. Be3 O-O 12. O-O Bg4 13. Nxc6 Bxf3 14.
Qxf3 Bxe3 15. Ne7+ Kh8 16. fxe3 Nd2 17. Nxd5 Nxf3+ 18. Rxf3 Qxb5 19. Nc7 Qxb2
20. Raf1 Rac8 21. Nd5 Qd2 22. Rb1 Qxd5 0-1

[Event "Championnat de France - Open C"]
[Site "BESANCON"]
[Date "2006.08.16"]
[Round "2.4"]
[White "Devecchi, Jorge"]
[Black "Gobeaut, Claudine"]
[Result "1-0"]
[WhiteElo "1670"]
[BlackElo "1537"]
[PlyCount "51"]
[EventDate "2006.??.??"]

1. e4 e5 2. Nf3 Nc6 3. d4 exd4 4. Bc4 h6 5. O-O Bc5 6. c3 Qf6 7. e5 Qd8 8. cxd4
Na5 9. Bxf7+ Kxf7 10. dxc5 Ne7 11. b4 Nac6 12. Qb3+ Ke8 13. Bd2 b6 14. Rd1 bxc5
15. b5 Rb8 16. Qc4 Nd4 17. Nxd4 cxd4 18. Bb4 c5 19. Bxc5 Qc7 20. Rxd4 Rb7 21.
Nc3 Rf8 22. Rc1 Rf7 23. Ne4 Nf5 24. Nd6+ Nxd6 25. Bxd6 Qxc4 26. Rdxc4 1-0

[Event "Championnat de France - Open C"]
[Site "BESANCON"]
[Date "2006.08.16"]
[Round "2.5"]
[White "Marechal, Stanislas"]
[Black "Louison, Lewis"]
[Result "0-1"]
[WhiteElo "1510"]
[BlackElo "1660"]
[PlyCount "42"]
[EventDate "2006.??.??"]

1. d4 d5 2. Nf3 Bg4 3. e3 Nf6 4. Bd3 Nc6 5. Nbd2 e5 6. dxe5 Nxe5 7. Be2 Bd6 8.
Nxe5 Bxe2 9. Qxe2 Bxe5 10. Nf3 Bd6 11. Qb5+ Qd7 12. Qxb7 O-O 13. Qa6 Qg4 14.
Qd3 Qxg2 15. Rg1 Qxf3 16. Qf1 Bxh2 17. Rh1 Be5 18. Rb1 Rfe8 19. b3 d4 20. Bd2
dxe3 21. fxe3 Bg3+ 0-1

[Event "Championnat de France - Vétérans"]
[Site "BESANCON"]
[Date "2006.08.16"]
[Round "2.1"]
[White "Guinovart, Jose"]
[Black "Goldenberg, Richard"]
[Result "0-1"]
[WhiteElo "1890"]
[BlackElo "2329"]
[PlyCount "50"]
[EventDate "2006.??.??"]

1. d4 g6 2. c4 Bg7 3. Nc3 c5 4. e3 Nf6 5. Nf3 O-O 6. Be2 cxd4 7. exd4 d5 8. O-O
Nc6 9. Be3 Bf5 10. a3 dxc4 11. Bxc4 Rc8 12. Be2 Nd5 13. Nxd5 Qxd5 14. Rc1 Be4
15. Rc5 Qd6 16. Qc1 Bxf3 17. Bxf3 Bxd4 18. Bxd4 Qxd4 19. Rd1 Qf6 20. Rd7 Qe6
21. Bxc6 Rxc6 22. Rxc6 Qxd7 23. Rc7 Qe6 24. Rxb7 Rc8 25. Qe3 Qe4 0-1

[Event "Championnat de France - Vétérans"]
[Site "BESANCON"]
[Date "2006.08.16"]
[Round "2.2"]
[White "Meinsohn, Francis"]
[Black "Collin, Jean"]
[Result "1-0"]
[WhiteElo "2250"]
[BlackElo "1899"]
[PlyCount "97"]
[EventDate "2006.??.??"]

1. d4 Nf6 2. c4 g6 3. Nc3 Bg7 4. Nf3 d6 5. Bg5 Nbd7 6. Qc2 b6 7. Rd1 c5 8. d5
h6 9. Bh4 Qc7 10. e4 Ng4 11. h3 Nge5 12. Nd2 g5 13. Bg3 Ng6 14. Be2 Be5 15. Nf1
Nf6 16. Bxe5 Nxe5 17. Ne3 a6 18. g3 g4 19. hxg4 Nfxg4 20. Nxg4 Bxg4 21. Rh4 h5
22. Bxg4 Nxg4 23. Qe2 O-O-O 24. Rxh5 Nf6 25. Rxh8 Rxh8 26. Kd2 Qd7 27. Qf3 Qh3
28. e5 Qg4 29. Qxg4+ Nxg4 30. exd6 exd6 31. Rf1 Ne5 32. b3 Nf3+ 33. Ke3 Nd4 34.
Kf4 f5 35. Rd1 Rh2 36. Rd2 Kd7 37. Nd1 Ke7 38. Ne3 Kf6 39. Nc2 Nxc2 40. Rxc2
Rh5 41. Re2 Kf7 42. Re6 Rh2 43. Kf3 Rh1 44. Rxd6 b5 45. Rxa6 bxc4 46. bxc4 Rc1
47. Kf4 Rxc4+ 48. Kxf5 Rd4 49. Ra7+ 1-0

[Event "Championnat de France - Vétérans"]
[Site "BESANCON"]
[Date "2006.08.16"]
[Round "2.3"]
[White "Rosenfeld, Imre"]
[Black "Danzanvilliers, Patrice"]
[Result "1/2-1/2"]
[WhiteElo "2042"]
[BlackElo "1888"]
[PlyCount "106"]
[EventDate "2006.??.??"]

1. d4 Nf6 2. Nf3 e6 3. Bf4 b6 4. Nbd2 Bb7 5. e3 Be7 6. h3 c5 7. Bd3 d5 8. c3
Nc6 9. Ne5 Nd7 10. Ndf3 a6 11. Nxd7 Qxd7 12. Ne5 Qd8 13. O-O g6 14. Qe2 Nxe5
15. Bxe5 Bf6 16. Bh2 O-O 17. Bf4 Qe7 18. Bh6 Rfd8 19. f4 Bg7 20. Bxg7 Kxg7 21.
Qf2 f5 22. g4 h6 23. Qg3 Kf7 24. Kf2 b5 25. Rg1 Rg8 26. Rg2 h5 27. Rag1 h4 28.
Qf3 Qf6 29. Ke2 Rac8 30. Qf2 Rh8 31. gxf5 gxf5 32. Rg5 c4 33. Bc2 Rcg8 34. Qe1
Qh6 35. R1g2 Rxg5 36. Rxg5 Rg8 37. Rxg8 Kxg8 38. Qg1+ Kf7 39. Kd2 Bc6 40. Bd1
Be8 41. Qg2 Qg6 42. Qxg6+ Kxg6 43. Kc1 Kf6 44. b3 Ke7 45. Kb2 Kd6 46. Ka3 Kc7
47. Kb4 Kb6 48. Bf3 Bf7 49. bxc4 bxc4 50. Bd1 Be8 51. Ba4 a5+ 52. Ka3 Bxa4 53.
Kxa4 Ka6 1/2-1/2

[Event "Championnat de France - Vétérans"]
[Site "BESANCON"]
[Date "2006.08.16"]
[Round "2.4"]
[White "Mengus, Charles"]
[Black "Birens, Eric-Andre"]
[Result "0-1"]
[WhiteElo "1886"]
[BlackElo "2037"]
[PlyCount "67"]
[EventDate "2006.??.??"]

1. e4 c5 2. d4 cxd4 3. c3 dxc3 4. Nxc3 Nc6 5. Nf3 e6 6. Bc4 Nf6 7. Qe2 Qc7 8.
O-O Ng4 9. Nb5 Qb8 10. Rd1 a6 11. Nc3 Bc5 12. Be3 Nxe3 13. fxe3 O-O 14. Kh1 b5
15. Bb3 Ne5 16. h3 Nxf3 17. Qxf3 d6 18. Bc2 Bb7 19. Qg3 Qa7 20. e5 dxe5 21. Rd7
Bxg2+ 22. Qxg2 Qxd7 23. Ne4 Be7 24. Rg1 g6 25. Qh2 Rac8 26. Qg2 Qc6 27. Bb3 f5
28. Ng3 Qxg2+ 29. Kxg2 Kf7 30. Rf1 Kf6 31. Ne4+ Kf7 32. h4 Rc6 33. Kh3 Bf6 34.
Ng3 {suite illisible} 0-1

[Event "Championnat de France - Vétérans"]
[Site "BESANCON"]
[Date "2006.08.16"]
[Round "2.5"]
[White "Peyrin, Jean"]
[Black "Vernadet, Bernard"]
[Result "1-0"]
[WhiteElo "2004"]
[BlackElo "1869"]
[PlyCount "75"]
[EventDate "2006.??.??"]

1. d4 Nf6 2. c4 c6 3. Nc3 d5 4. Nf3 Nbd7 5. cxd5 cxd5 6. Bf4 e6 7. e3 a6 8. Bd3
Be7 9. h3 O-O 10. O-O Nh5 11. Bh2 f5 12. Rc1 b5 13. Ne2 Nhf6 14. Rc6 Nb8 15.
Bc7 Qd7 16. Ne5 Qe8 17. Rc2 Nbd7 18. Nc6 Rf7 19. Nf4 Nf8 20. Ne5 g5 21. Nh5 Ng6
22. Nxf7 Qxf7 23. Nxf6+ Qxf6 24. Qe2 e5 25. dxe5 Nxe5 26. Rfc1 g4 27. Bxe5 Qxe5
28. Rxc8+ Rxc8 29. Rxc8+ Kf7 30. hxg4 f4 31. exf4 Qd4 32. Rc7 Qb4 33. Rxe7+
Qxe7 34. Qxe7+ Kxe7 35. Bxh7 d4 36. Kf1 Kd6 37. Ke2 a5 38. g5 1-0

[Event "Championnat de France 2006 - Accession"]
[Site "BESANCON"]
[Date "2006.08.17"]
[Round "3.2"]
[White "Bedouin, Xavier"]
[Black "Edouard, Romain"]
[Result "0-1"]
[WhiteElo "2294"]
[BlackElo "2404"]
[PlyCount "92"]
[EventDate "2006.??.??"]

1. e4 c5 2. Nf3 d6 3. d4 cxd4 4. Nxd4 Nf6 5. Nc3 Nc6 6. f3 e5 7. Nb3 Be7 8. Be3
O-O 9. Qd2 a5 10. Bb5 Be6 11. Rd1 Na7 12. Be2 Nc8 13. Qc1 Qc7 14. Nb5 Qc6 15.
c4 Bd8 16. O-O Bb6 17. Bxb6 Qxb6+ 18. c5 dxc5 19. Qxc5 a4 20. Qxb6 Nxb6 21. Nc5
Bxa2 22. Nd6 Ne8 23. Ncxb7 Nc7 24. Ra1 Bb3 25. Rfc1 Ne6 26. Kf2 Nd4 27. Rc7
Rab8 28. Rac1 Be6 29. Bd3 Bc8 30. Bc4 Bxb7 31. Nxb7 Nxc4 32. R1xc4 Ne6 33. Rd7
Rfc8 34. Rxc8+ Rxc8 35. Rd2 g6 36. Ke3 Kf8 37. Nd6 Rc5 38. g3 Ke7 39. f4 exf4+
40. gxf4 Rh5 41. e5 Rh3+ 42. Ke4 Rh4 43. Rf2 f5+ 44. exf6+ Kxd6 45. Rd2+ Kc7
46. Ke5 Nd8 0-1